<?xml version="1.0" encoding="UTF-8"?>
<marc:record xmlns:marc="http://www.loc.gov/MARC21/slim">
   <marc:leader>00000nam a2200000 a 4500</marc:leader>
   <marc:datafield ind1="1" ind2=" " tag="100">
      <marc:subfield code="a">Bertram, Rüdiger</marc:subfield>
      <marc:subfield code="4">aut</marc:subfield>
      <marc:subfield code="e">Verfasser/-in</marc:subfield>
   </marc:datafield>
   <marc:datafield ind1="1" ind2=" " tag="100">
      <marc:subfield code="a">Schulmeyer, Heribert</marc:subfield>
   </marc:datafield>
   <marc:datafield ind1="0" ind2="0" tag="245">
      <marc:subfield code="a">Coolman und ich. - Bonjour Baguette</marc:subfield>
   </marc:datafield>
   <marc:datafield ind1="0" ind2="0" tag="245">
      <marc:subfield code="b">ein Comicroman</marc:subfield>
   </marc:datafield>
   <marc:datafield ind1="0" ind2="0" tag="245">
      <marc:subfield code="c">Rüdiger Bertram. Mit Bildern von Heribert Schulmeyer</marc:subfield>
   </marc:datafield>
   <marc:datafield ind1=" " ind2="1" tag="264">
      <marc:subfield code="a">Hamburg</marc:subfield>
      <marc:subfield code="b">Oetinger</marc:subfield>
      <marc:subfield code="c">2012</marc:subfield>
   </marc:datafield>
   <marc:datafield ind1="1" ind2=" " tag="520">
      <marc:subfield code="a">Kennt ihr Kai? Kai möchte ein ganz normaler Junge sein. Kai ist nie allein. Den ständigen Begleiter, Coolman, kann nur Kai sehen. Er will das nicht, aber es nützt nichts. Wenn andere ihn sehen könnten, würden sie vielleicht verstehen, warum er manchmal Dinge tut, die für manche etwas merkwürdig wirken. Coolman ist immer da. Coolman weiß alles. Auch im fünften Band.   Der Austauschschüler Dominique soll bei Kai einquartiert werden. Es stellt sich aber heraus, dass es ein Mädchen ist, das Niki heißt. Niki ist eine überaus nervige Quasselstrippe, die Kai keine ruhige Minute lässt. Coolman ist hin und weg von der quirligen Französin und bereit, für Niki alles aufzugeben. Sogar Kai! Der hat aber gerade andere Sorgen</marc:subfield>
   </marc:datafield>
   <marc:datafield ind1=" " ind2=" " tag="020">
      <marc:subfield code="a">9783789131929</marc:subfield>
      <marc:subfield code="9">9783789131929</marc:subfield>
   </marc:datafield>
   <marc:datafield ind1=" " ind2=" " tag="041">
      <marc:subfield code="a">ger</marc:subfield>
   </marc:datafield>
   <marc:datafield ind1="1" ind2=" " tag="521">
      <marc:subfield code="a">0</marc:subfield>
   </marc:datafield>
   <marc:datafield ind1=" " ind2=" " tag="300">
      <marc:subfield code="a">187 S. : Ill.</marc:subfield>
   </marc:datafield>
</marc:record>
